Flags of Africa - Inverted - Statistics

General Stats
  • This quiz has been taken 21 times
  • The average score is 48 of 54
Answer Stats
Picture Answer % Correct
Algeria
100%
Angola
100%
Cape Verde
100%
Egypt
100%
Kenya
100%
Lesotho
100%
Malawi
100%
South Africa
100%
Tunisia
100%
Uganda
100%
Burundi
94%
Central African Republic
94%
Eswatini
94%
Ethiopia
94%
Liberia
94%
Libya
94%
Mauritania
94%
Morocco
94%
Mozambique
94%
Niger
94%
Seychelles
94%
Togo
94%
Zambia
94%
Zimbabwe
94%
Benin
89%
Botswana
89%
Cameroon
89%
Comoros
89%
D.R. Congo
89%
Eritrea
89%
Gambia
89%
Mali
89%
Mauritius
89%
Rep. of the Congo
89%
Rwanda
89%
Senegal
89%
Sudan
89%
Tanzania
89%
Burkina Faso
83%
Djibouti
83%
Ghana
83%
Guinea
83%
Guinea-Bissau
83%
Namibia
83%
Nigeria
83%
Somalia
83%
South Sudan
83%
Equatorial Guinea
78%
São Tomé & Príncipe
78%
Madagascar
72%
Chad
61%
Gabon
56%
Ivory Coast
56%
Sierra Leone
56%
No matching quizzes found
Score Distribution
Percent of People with Each Score
Percentile by Number Answered
Your Score History
You have not taken this quiz